Piłka nożna - Premier League kółko i krzyżyk vol.10 - Statystyki

Ogólne statystyki
  • Ten quiz został rozwiązany 403 razy
  • Średni wynik to 5 z 9
Statystyki odpowiedzi
Hint Odpowiedź % Poprawnych
Arsenal/Norwegia Odegaard | Lydersen
79%
LFC/Japonia Endo | Minamino
77%
MUFC/Japonia Kagawa
59%
Arsenal/Japonia Tomiyasu | Miyaichi | Inamoto
58%
LFC/Kamerun Matip | Itandje | Song
51%
MUFC/Norwegia Berg | Nevland | Solskjaer | Johnsen
48%
MUFC/Kamerun Onana | Djemba
48%
LFC/Norwegia Riise | Heggem | Kippe | Leonhardsen | Kvarme | Bjornebye
39%
Arsenal/Kamerun Song | Lauren
35%
Nie znaleziono quizów pasujących do podanych kryteriów
Rozkład punktacji
Procent ludzi z każdym wynikiem
Percentyl według liczby udzielonych odpowiedzi
Twoja historia wyników
Nie rozwiązałeś tego quizu